000 00536nam a2200169Ia 4500
003 GCL
008 140319s9999 xx 000 0 ara d
040 _aGCL /
_cGCL
082 0 4 _a415.1
_bع ش
100 1 _aعبدالمنعم سيد عبدالعال
245 1 0 _aالشامل لجموع التصحيح والتكسير فى اللغه العربيه /
_cعبدالمنعم سيد عبدالعال
300 _a325 ص
490 _a
650 0 4 _aالنحو
650 0 4 _aاللغة العربية - النحو
942 _2ddc
_cBK
999 _c39080
_d39080